| 000 | 00934cam a2200253 4500 | ||
|---|---|---|---|
| 001 | ABS63613 | ||
| 008 | 000000n2001 000 0 eng u | ||
| 035 | _a(Sirsi) u110919 | ||
| 100 | _aHockney, R. | ||
| 245 | _aCan a land use planning system deliver enough composting facilities? | ||
| 260 | _c2001 | ||
| 490 |
_aWastes Management _v January 2001, 41-42(2) |
||
| 520 | _aConsiders the issues involved in obtaining planning permission for composting sites. Examines common problems that may surface in the planning process, and briefly discusses the role of regional technical advisory bodies. | ||
| 590 | _aABS | ||
| 650 | _aLAND USE PLANNING | ||
| 650 | _aPLANNING PERMISSION | ||
| 650 | _aREGIONAL TECHNICAL ADVISORY BODIES | ||
| 650 | _aCOMPOSTING | ||
| 650 | _aPPG10 | ||
| 650 | _aWASTE LOCAL PLANS | ||
| 650 | _aPLANNING SYSTEM | ||
| 690 | _aENVIRONMENTAL AND LAND CONSULTANCY-WASTE MANAGEMENT | ||
| 942 | _n0 | ||
| 999 |
_c66113 _d66113 |
||